Das Jahr 1896 - Statistiken

Allgemein
  • Dieses Quiz wurde 45 mal gespielt
  • Das Durchschnittsergebnis liegt bei 11 aus 18
Antwortstatistiken
Datum Ereignis im Jahr 1896 % Korrekt
6. April In {Athen} findet die Eröffnungszeremonie der ersten Olympischen Spiele der Neuzeit statt.
93%
4. Juni Mit dem "Quadricycle" stellt Henry {Ford} sein erstes Automobil fertig.
93%
2. Mai In der österreichisch-ungarischen Stadt {Budapest} wird die erste Untergrundbahn Kontinentaleuropas eröffnet.
90%
30. Mai Auf dem Chodynkafeld bei {Moskau} sterben bei einer Massenpanik über 1300 Menschen, die sich die Krönungsfeierlichkeiten von Zar Nikolaus ansehen wollten.
83%
10. Dezember In Italien stirbt der schwedische Erfinder Alfred {Nobel}, der eine Reihe der heute weltweit renommiertesten Preise gestiftet hat.
79%
27. Mai Die Innenstadt von St. Louis wird von einem {Tornado} schwer beschädigt; es kommen 255 Menschen ums Leben.
72%
10. August In Brandenburg stirbt der Flugpionier Otto {Lilienthal} nach einem Absturz mit seinem Flugapparat.
69%
27. November In Frankfurt wird die sinfonische Dichtung "Also sprach {Zarathustra}" von Richard Strauss aufgeführt.
69%
20. Mai Die Pianistin und Komponisten Clara {Schumann} stirbt im Alter von 76 Jahren in Frankfurt.
66%
12. April In {Hannover} wird ein Fußballverein gegründet, der bis heute sein Gründungsjahr im Namen trägt und zweimal Deutscher Meister werden sollte.
66%
10. April Spyridon Louis wird der erste Sieger des eigens für die Olympischen Spiele kreierten {Marathon}-Laufs.
66%
1. Februar In Turin wird die Oper "La Bohème" von Giacomo {Puccini} aufgeführt.
59%
4. Januar {Utah} wird der 45. US-Bundesstaat, was erst nach der Abschaffung der Vielehe dort möglich wurde.
45%
27. August Die als kürzester Krieg der Weltgeschichte bekannt gewordene Auseinandersetzung zwischen Großbritannien und der Insel {Sansibar} vor der ostafrikanischen Küste endet nach 38 Minuten.
41%
1. März Henri Becquerel entdeckt, dass fotografische Platten mit Uransalz geschwärzt werden können, und damit das Phänomen der {Radioaktivität}, das daraufhin von Marie Curie weiter erforscht werden sollte.
41%
24. September In Minnesota kommt der Schriftsteller F. Scott {Fitzgerald} ("Der große Gatsby") zur Welt.
38%
3. November Der Republikaner William {McKinley} gewinnt die US-Präsidentschaftswahlen; er sollte 1901 einem Attentat zum Opfer fallen.
28%
16. August Am {Klondike} River in Yukon im Nordwesten Kanadas wird Gold gefunden, was einen großen Goldrausch auslöst.
21%
Keine übereinstimmenden Quizze gefunden
Verteilung der Resultate
Anzahl Personen mit jedem Resultat
Perzentil nach korrekt beantworteten Fragen
Ihre Resultats-Entwicklung
Sie haben dieses Quiz noch nicht gespielt